[Event "4NCL/Div3/MET vs. SSC"]
[Site "Daventry ENG"]
[Date "2009.05.04"]
[Round "11.5"]
[White "Cooke, Charlie"]
[Black "Woods, Tim"]
[Result "1-0"]
[WhiteElo "1880"]
[BlackElo "1900"]
[PlyCount "57"]
[EventDate "2009.05.04"]
[EventCountry "ENG"]
[SourceDate "2008.10.04"]

1. d4 d6 2. c4 Nf6 3. Nc3 g6 4. e4 Bg7 5. Bd3 O-O 6. Nge2 c5 7. d5 e6 8. Bg5
Qa5 9. Qd2 exd5 10. exd5 a6 11. Bh6 Re8 12. Bxg7 Kxg7 13. O-O Nbd7 14. f4 Qd8
15. b3 Qe7 16. Rf3 b5 17. cxb5 Nb6 18. bxa6 Bxa6 19. Bxa6 Rxa6 20. Re1 c4 21.
b4 Na4 22. Ref1 Qa7+ 23. Kh1 Nxc3 24. Nxc3 Nd7 25. f5 f6 26. fxg6 hxg6 27. a4
Qb6 28. b5 Ra7 29. Rh3 1-0

[Event "4NCL/Div3/BRI2 vs. NOTT2"]
[Site "Daventry ENG"]
[Date "2009.05.04"]
[Round "11.1"]
[White "Bass, John W"]
[Black "Taylor, Robert P"]
[Result "1/2-1/2"]
[WhiteElo "2101"]
[BlackElo "1956"]
[PlyCount "53"]
[EventDate "2009.05.04"]
[EventCountry "ENG"]
[SourceDate "2008.10.04"]

1. d4 d5 2. c4 c6 3. Nf3 Nf6 4. Nc3 e6 5. e3 Nbd7 6. Bd3 Bd6 7. O-O O-O 8. e4
dxe4 9. Nxe4 Nxe4 10. Bxe4 Qc7 11. Qc2 Nf6 12. Bd3 Bf4 13. Re1 Bxc1 14. Raxc1
c5 15. dxc5 Qxc5 16. Re5 Qe7 17. Rce1 Bd7 18. R5e3 Rfd8 19. Ne5 Be8 20. Rh3 g6
21. Qc1 Qf8 22. Qf4 Qg7 23. Bf1 Nd7 24. Nd3 Nb6 25. Ne5 Nd7 26. Nd3 Nb6 27. Ne5
1/2-1/2

[Event "4NCL/Div3/BRI2 vs. NOTT2"]
[Site "Daventry ENG"]
[Date "2009.05.04"]
[Round "11.2"]
[White "Place, William"]
[Black "Humphreys, Jerry"]
[Result "1-0"]
[WhiteElo "1965"]
[BlackElo "2076"]
[PlyCount "95"]
[EventDate "2009.05.04"]
[EventCountry "ENG"]
[SourceDate "2008.10.04"]

1. e4 c5 2. d4 cxd4 3. c3 Nf6 4. e5 Nd5 5. Qxd4 e6 6. Bc4 Nc6 7. Qe4 Nb6 8. Bb3
Qc7 9. Nf3 d5 10. exd6 Bxd6 11. Nbd2 Bd7 12. Qg4 O-O-O 13. Ne4 Bf8 14. Qg3 Qxg3
15. hxg3 f6 16. Be3 Nd5 17. Bc5 h6 18. O-O-O Bxc5 19. Nxc5 b6 20. Nxd7 Rxd7 21.
Rhe1 Nd8 22. Nd4 Nc7 23. Nxe6 Ndxe6 24. Bxe6 Nxe6 25. Rxe6 Rhd8 26. Rxd7 Rxd7
27. Kc2 Kd8 28. Re4 Kc7 29. Rc4+ Kb7 30. g4 Re7 31. Kd2 Rd7+ 32. Rd4 Re7 33. c4
Kc6 34. b4 a6 35. a4 a5 36. b5+ Kc7 37. f3 Re5 38. Kd3 Re1 39. Re4 Rd1+ 40. Ke2
Ra1 41. Re7+ Kd6 42. Rxg7 Rxa4 43. Kd3 Ra2 44. Rf7 Ke5 45. Re7+ Kd6 46. Rb7
Rxg2 47. Rxb6+ Ke5 48. Ke3 1-0

[Event "4NCL/Div3/BRI2 vs. NOTT2"]
[Site "Daventry ENG"]
[Date "2009.05.04"]
[Round "11.3"]
[White "White, Martin"]
[Black "Cranmer, Stan"]
[Result "1/2-1/2"]
[WhiteElo "1980"]
[BlackElo "1890"]
[PlyCount "54"]
[EventDate "2009.05.04"]
[EventCountry "ENG"]
[SourceDate "2008.10.04"]

1. e4 e6 2. d4 d5 3. Nc3 Bb4 4. e5 b6 5. Bb5+ c6 6. Be2 Ba6 7. Bd2 f5 8. Nf3 g6
9. O-O Qd7 10. Bxa6 Nxa6 11. Qe2 Nc7 12. b3 Qg7 13. Na4 Be7 14. c4 g5 15. Rfc1
g4 16. Ne1 Rc8 17. cxd5 Nxd5 18. Nd3 Bg5 19. Nc3 Nge7 20. Nxd5 Nxd5 21. Rc2
Bxd2 22. Qxd2 O-O 23. Rac1 Qd7 24. Nf4 Nxf4 25. Qxf4 Rf7 26. Rc3 Rg7 27. Rc4
Qd5 1/2-1/2

[Event "4NCL/Div3/BRI2 vs. NOTT2"]
[Site "Daventry ENG"]
[Date "2009.05.04"]
[Round "11.4"]
[White "Hill, Maurice J"]
[Black "Varley, Ed"]
[Result "1/2-1/2"]
[WhiteElo "1870"]
[BlackElo "1910"]
[PlyCount "31"]
[EventDate "2009.05.04"]
[EventCountry "ENG"]
[SourceDate "2008.10.04"]

1. g3 d5 2. Bg2 Nf6 3. Nf3 e6 4. c4 Be7 5. O-O O-O 6. b3 Nbd7 7. Bb2 b6 8. d4
Bb7 9. Nc3 Rc8 10. Ne5 c6 11. Rc1 Nxe5 12. dxe5 Nd7 13. Nb1 dxc4 14. Rxc4 Qc7
15. Qd4 Rfd8 16. Rfc1 1/2-1/2

[Event "4NCL/Div3/BRI2 vs. NOTT2"]
[Site "Daventry ENG"]
[Date "2009.05.04"]
[Round "11.5"]
[White "Woolgar, Stephen"]
[Black "Myers, Richard"]
[Result "1/2-1/2"]
[WhiteElo "1755"]
[BlackElo "1840"]
[PlyCount "93"]
[EventDate "2009.05.04"]
[EventCountry "ENG"]
[SourceDate "2008.10.04"]

1. c4 e5 2. Nc3 Nf6 3. g3 Bc5 4. Bg2 O-O 5. Nf3 Re8 6. O-O c6 7. d3 d6 8. Bg5
h6 9. Bxf6 Qxf6 10. Ne4 Qe7 11. Nxc5 dxc5 12. Re1 Bf5 13. Nd2 Nd7 14. Qb3 Nf8
15. Rad1 Ne6 16. Qc3 Qd6 17. Ne4 Bxe4 18. Bxe4 Rad8 19. Rd2 Ng5 20. Bg2 e4 21.
e3 Nf3+ 22. Bxf3 exf3 23. e4 g5 24. h3 f5 25. e5 Qd4 26. Re3 g4 27. h4 Re6 28.
Rd1 Rde8 29. Rde1 b5 30. cxb5 cxb5 31. a3 Qxc3 32. bxc3 Rd8 33. Rd1 Kf7 34. d4
Rd5 35. Ree1 Ra6 36. Rb1 cxd4 37. cxd4 Rxa3 38. Rbc1 Ra6 39. Rc7+ Ke8 40. e6
Rxd4 41. Rh7 Re4 42. Rc1 Rc4 43. Re1 Rac6 44. Rh8+ Ke7 45. Rh7+ Ke8 46. Rh8+
Ke7 47. Rh7+ 1/2-1/2

[Event "4NCL/Div3/BRI2 vs. NOTT2"]
[Site "Daventry ENG"]
[Date "2009.05.04"]
[Round "11.6"]
[White "Willoughby, Robert"]
[Black "Taylor, John Paul"]
[Result "1-0"]
[WhiteElo "1810"]
[BlackElo "1395"]
[PlyCount "53"]
[EventDate "2009.05.04"]
[EventCountry "ENG"]
[SourceDate "2008.10.04"]

1. d4 d5 2. c4 c6 3. Nf3 e6 4. e3 Bd6 5. Nc3 Nd7 6. Bd3 f5 7. cxd5 cxd5 8. Bd2
Ngf6 9. Rc1 O-O 10. Nb5 Bb8 11. Bb4 Rf7 12. Ng5 Nf8 13. Nxf7 Kxf7 14. O-O Bxh2+
15. Kh1 Ng4 16. g3 Nxf2+ 17. Rxf2 Bxg3 18. Rg2 f4 19. Qf3 e5 20. dxe5 Qh4+ 21.
Kg1 Be6 22. exf4 Bxf4 23. Rc7+ Kg8 24. Bc3 Bxe5 25. Rgxg7+ Kh8 26. Rxh7+ Nxh7
27. Bxe5+ 1-0

[Event "4NCL/Div3/WOB vs. MIN"]
[Site "Daventry ENG"]
[Date "2009.05.04"]
[Round "11.1"]
[White "Kanike, Uday Kumar"]
[Black "Ackley, Peter"]
[Result "0-1"]
[WhiteElo "2050"]
[BlackElo "2092"]
[PlyCount "60"]
[EventDate "2009.05.04"]
[EventCountry "ENG"]
[SourceDate "2008.10.04"]

1. Nf3 g6 2. g3 Bg7 3. Bg2 d6 4. d4 f5 5. c4 Nf6 6. Nc3 O-O 7. O-O Qe8 8. a3 e5
9. d5 h6 10. Re1 g5 11. e4 f4 12. h3 a5 13. g4 Qg6 14. Nh2 Bd7 15. f3 h5 16.
Bd2 Na6 17. a4 Nc5 18. Qc2 b6 19. b3 Kf7 20. Red1 Rh8 21. Be1 Rh7 22. Rab1 Rah8
23. Nb5 hxg4 24. Nxg4 Bxg4 25. hxg4 Rh2 26. Bf2 Ncxe4 27. Rbc1 Qh6 28. Kf1 Rxg2
29. fxe4 Qh1+ 30. Ke2 Rxf2+ 0-1

[Event "4NCL/Div3/WOB vs. MIN"]
[Site "Daventry ENG"]
[Date "2009.05.04"]
[Round "11.2"]
[White "Campbell, Ian"]
[Black "Vaughan, David"]
[Result "1/2-1/2"]
[WhiteElo "2025"]
[BlackElo "2040"]
[PlyCount "27"]
[EventDate "2009.05.04"]
[EventCountry "ENG"]
[SourceDate "2008.10.04"]

1. Nf3 Nf6 2. e3 d5 3. b3 c6 4. Bb2 Bf5 5. Be2 Nbd7 6. d3 h6 7. Nbd2 e6 8. O-O
Bd6 9. Re1 O-O 10. Nf1 Qe7 11. Ng3 Bh7 12. c4 Bb4 13. Rf1 Ba3 14. Qc1 1/2-1/2

[Event "4NCL/Div3/WOB vs. MIN"]
[Site "Daventry ENG"]
[Date "2009.05.04"]
[Round "11.3"]
[White "Zhu, Yao Yao"]
[Black "Hawkins, Nick"]
[Result "1/2-1/2"]
[WhiteElo "1997"]
[BlackElo "2028"]
[PlyCount "27"]
[EventDate "2009.05.04"]
[EventCountry "ENG"]
[SourceDate "2008.10.04"]

1. e4 e5 2. Nf3 Nc6 3. Bb5 a6 4. Ba4 Nf6 5. O-O Nxe4 6. Re1 Nc5 7. Nxe5 Be7 8.
Bxc6 dxc6 9. d4 Ne6 10. c3 O-O 11. Nd2 c5 12. Ndf3 cxd4 13. cxd4 Qd5 14. Nd3
1/2-1/2

[Event "4NCL/Div3/WOB vs. MIN"]
[Site "Daventry ENG"]
[Date "2009.05.04"]
[Round "11.4"]
[White "Twitchell, Neville H"]
[Black "Davies, Matthew"]
[Result "1/2-1/2"]
[WhiteElo "1976"]
[BlackElo "1943"]
[PlyCount "144"]
[EventDate "2009.05.04"]
[EventCountry "ENG"]
[SourceDate "2008.10.04"]

1. e4 e6 2. Nf3 d5 3. e5 c5 4. b4 cxb4 5. a3 Nc6 6. axb4 Bxb4 7. c3 Ba5 8. d4
Nge7 9. Bd3 Bd7 10. O-O Qc7 11. Ba3 a6 12. Bd6 Qc8 13. Re1 Bc7 14. Bc5 b6 15.
Ba3 b5 16. Nbd2 Bd8 17. Nb3 Ng6 18. g3 Be7 19. Bxe7 Ngxe7 20. Nc5 Nb8 21. Qe2
Bc6 22. Nd2 Nd7 23. Ndb3 Nxc5 24. Nxc5 Bb7 25. Ra3 O-O 26. Rea1 Qc6 27. Qa2 g6
28. Nxb7 Qxb7 29. Rxa6 Qxa6 30. Qxa6 Rxa6 31. Rxa6 Rb8 32. Ra7 Nc6 33. Rc7 Na5
34. Rc5 Nc4 35. Kf1 b4 36. cxb4 Rxb4 37. Bxc4 dxc4 38. Ke2 Rb2+ 39. Ke3 Rb3+
40. Ke4 Rb2 41. f4 Re2+ 42. Kf3 Rxh2 43. Rxc4 h5 44. Ke4 Re2+ 45. Kf3 Rd2 46.
Ke3 Rg2 47. Kf3 Rd2 48. Rc8+ Kg7 49. Rd8 Rd3+ 50. Kf2 Rd2+ 51. Ke3 Rg2 52. Kf3
Rd2 53. Rd7 Kg8 54. Ke4 Rg2 55. Kf3 Rd2 56. f5 gxf5 57. Kf4 Rd3 58. Kg5 Rxg3+
59. Kxh5 f4 60. Kh6 Kf8 61. Ra7 f3 62. Ra1 f2 63. Rf1 Rf3 64. Kg5 Ke7 65. Kg4
Rf5 66. Kg3 f6 67. exf6+ Rxf6 68. Rxf2 Rxf2 69. Kxf2 Kd6 70. Ke3 Kd5 71. Kd3 e5
72. dxe5 Kxe5 1/2-1/2

[Event "4NCL/Div3/WOB vs. MIN"]
[Site "Daventry ENG"]
[Date "2009.05.04"]
[Round "11.5"]
[White "Griffiths, Hywel"]
[Black "Barr, Gabriel"]
[Result "1-0"]
[WhiteElo "1810"]
[BlackElo "1820"]
[PlyCount "143"]
[EventDate "2009.05.04"]
[EventCountry "ENG"]
[SourceDate "2008.10.04"]

1. d4 f5 2. c4 g6 3. Nc3 Nf6 4. Nf3 d6 5. Bg5 Bg7 6. e3 Nc6 7. Bd3 O-O 8. O-O
a6 9. a4 Qe8 10. e4 fxe4 11. Nxe4 Nxe4 12. Bxe4 e5 13. d5 Ne7 14. Qd2 Bf5 15.
Rfe1 Qd7 16. b4 Bxe4 17. Rxe4 Rae8 18. Ra3 Nf5 19. Be3 Nxe3 20. Qxe3 Rf5 21.
Nd4 Rf4 22. Ne6 Rxe4 23. Qxe4 c5 24. bxc5 dxc5 25. h4 b6 26. h5 Rxe6 27. dxe6
Qxe6 28. hxg6 hxg6 29. Qa8+ Bf8 30. Rf3 Qd6 31. Qb7 Be7 32. Qc8+ Kg7 33. Rh3
Bf8 34. Qg4 Be7 35. Qe4 Qd4 36. Qe2 Bf6 37. Qc2 Qf4 38. Rf3 Qd4 39. Rd3 Qg4 40.
Qd2 Be7 41. Rd7 Qe6 42. Rb7 Kf6 43. Qb2 Bd8 44. f4 Qd6 45. fxe5+ Qxe5 46. Qf2+
Qf5 47. Qh4+ Qg5 48. Qh8+ Kf5 49. Rf7+ Bf6 50. Qh3+ Ke5 51. Qa3 Ke6 52. Rb7
Bd4+ 53. Kh1 Ke5 54. Rh7 Qf4 55. Qd3 Qc1+ 56. Kh2 Bg1+ 57. Kh3 Qe3+ 58. Qxe3+
Bxe3 59. Rb7 Kd4 60. Rxb6 a5 61. Rxg6 Kxc4 62. Rb6 Bg5 63. Kg4 Bd8 64. Rb5 Kd5
65. Kf5 Kd6 66. g4 c4 67. Ke4 Bf6 68. Rxa5 c3 69. Kd3 Kc7 70. Rc5+ Kb6 71. Rxc3
Bxc3 72. Kxc3 1-0

[Event "4NCL/Div3/HAL vs. OXF3"]
[Site "Daventry ENG"]
[Date "2009.05.04"]
[Round "11.1"]
[White "Lee, Darren"]
[Black "Zhang, Marco"]
[Result "1-0"]
[WhiteElo "1950"]
[BlackElo "1975"]
[PlyCount "55"]
[EventDate "2009.05.04"]
[EventCountry "ENG"]
[SourceDate "2008.10.04"]

1. d4 Nf6 2. c4 e6 3. Nc3 c5 4. d5 d6 5. e4 Be7 6. Bd3 O-O 7. Nf3 Nbd7 8. O-O
Re8 9. h3 Nf8 10. Bf4 Ng6 11. Bh2 Nh5 12. Qd2 Bf8 13. Rae1 e5 14. Ne2 Qf6 15.
Qg5 Qxg5 16. Nxg5 Nh4 17. f4 exf4 18. Nxf4 Nxf4 19. Bxf4 Ng6 20. Bg3 Ne5 21.
Bxe5 Rxe5 22. Nxf7 Rh5 23. e5 dxe5 24. Rxe5 Rxe5 25. Nxe5 a5 26. Bxh7+ Kxh7 27.
Rxf8 b6 28. d6 1-0

[Event "4NCL/Div3/HAL vs. OXF3"]
[Site "Daventry ENG"]
[Date "2009.05.04"]
[Round "11.2"]
[White "Terry, Sean"]
[Black "Doran, Michael J"]
[Result "0-1"]
[WhiteElo "1865"]
[BlackElo "1872"]
[PlyCount "32"]
[EventDate "2009.05.04"]
[EventCountry "ENG"]
[SourceDate "2008.10.04"]

1. d4 e6 2. e4 d5 3. Nc3 Bb4 4. Nge2 Nf6 5. e5 Nfd7 6. Nf4 Nc6 7. a3 Be7 8. b4
O-O 9. h4 a5 10. b5 Nxd4 11. Qxd4 Bc5 12. Qd1 Nxe5 13. Nd3 Bd4 14. Bd2 Qf6 15.
Rh3 Nxd3+ 16. Rxd3 Qxf2# 0-1

[Event "4NCL/Div3/HAL vs. OXF3"]
[Site "Daventry ENG"]
[Date "2009.05.04"]
[Round "11.3"]
[White "Asbury, Jon A"]
[Black "Foster, James M"]
[Result "0-1"]
[WhiteElo "1865"]
[BlackElo "1862"]
[PlyCount "44"]
[EventDate "2009.05.04"]
[EventCountry "ENG"]
[SourceDate "2008.10.04"]

1. d4 d5 2. c4 c6 3. cxd5 cxd5 4. Nc3 Nf6 5. Bf4 Qb6 6. Qd2 Nc6 7. e3 Bf5 8.
Bd3 Bxd3 9. Qxd3 e6 10. Nge2 Be7 11. O-O O-O 12. Rfc1 Rac8 13. Qb5 Qxb5 14.
Nxb5 Rfd8 15. Nbc3 Nh5 16. h3 Nxf4 17. Nxf4 Bg5 18. Nd3 f6 19. f4 Bh6 20. Kf2
e5 21. fxe5 fxe5 22. dxe5 d4 0-1

[Event "4NCL/Div3/HAL vs. OXF3"]
[Site "Daventry ENG"]
[Date "2009.05.04"]
[Round "11.4"]
[White "Harvey, Marcus R"]
[Black "Llewelyn, John D"]
[Result "1-0"]
[WhiteElo "1905"]
[BlackElo "1815"]
[PlyCount "111"]
[EventDate "2009.05.04"]
[EventCountry "ENG"]
[SourceDate "2008.10.04"]

1. e4 e5 2. Nf3 Nc6 3. d4 exd4 4. Bc4 Nf6 5. e5 d5 6. Bb5 Ne4 7. Nxd4 Bd7 8.
Bxc6 bxc6 9. O-O Be7 10. f3 Nc5 11. f4 O-O 12. Nc3 Ne6 13. Be3 c5 14. Nxe6 fxe6
15. Nxd5 exd5 16. Qxd5+ Kh8 17. Bxc5 Bxc5+ 18. Qxc5 Qb8 19. b3 Qb6 20. Qxb6
cxb6 21. c4 Rad8 22. Rad1 Bg4 23. Rd5 Be6 24. Rxd8 Rxd8 25. f5 Bc8 26. e6 Re8
27. Rd1 Kg8 28. Rd6 g6 29. g4 gxf5 30. gxf5 Kg7 31. Rc6 Kf6 32. Rc7 Kxf5 33.
Rxh7 Rxe6 34. Rxa7 Re2 35. Rf7+ Ke4 36. Re7+ Kf3 37. Rxe2 Kxe2 38. h4 Bg4 39.
b4 Kd3 40. c5 b5 41. c6 Ke4 42. c7 Kd5 43. h5 Ke5 44. Kf2 Kf6 45. Ke3 Kg5 46.
Kd4 Kxh5 47. Kc5 Bd7 48. c8=Q Bxc8 49. Kxb5 Kg5 50. Kc6 Kf5 51. a4 Ke5 52. b5
Kd4 53. Kc7 Bf5 54. b6 Be4 55. b7 Bxb7 56. Kxb7 1-0

[Event "4NCL/Div3/HAL vs. OXF3"]
[Site "Daventry ENG"]
[Date "2009.05.04"]
[Round "11.5"]
[White "Peck, Windsor W"]
[Black "Bruce, Dave"]
[Result "1-0"]
[WhiteElo "1845"]
[BlackElo "2106"]
[PlyCount "61"]
[EventDate "2009.05.04"]
[EventCountry "ENG"]
[SourceDate "2008.10.04"]

1. d4 Nf6 2. Nf3 g6 3. Nc3 d5 4. Bf4 Bg7 5. e3 O-O 6. Be2 c5 7. Ne5 b6 8. h4
Ba6 9. Bf3 e6 10. h5 Nfd7 11. hxg6 hxg6 12. Ng4 cxd4 13. exd4 Nc6 14. Nh6+ Bxh6
15. Bxh6 Qf6 16. Be3 b5 17. Qd2 Nb6 18. Bg5 Qf5 19. b3 Rac8 20. Bg4 f6 21. Bxf5
exf5 22. Be3 Rfe8 23. O-O-O Nb4 24. Kb1 Re6 25. Rh6 Rec6 26. Rdh1 Nxc2 27. Rh8+
Kf7 28. Rxc8 Rxc8 29. Kb2 b4 30. Nb1 g5 31. Bxg5 1-0

[Event "4NCL/Div3/HAL vs. OXF3"]
[Site "Daventry ENG"]
[Date "2009.05.04"]
[Round "11.6"]
[White "Foster, Chantelle"]
[Black "Pitt, Christopher"]
[Result "0-1"]
[WhiteElo "1600"]
[BlackElo "1780"]
[PlyCount "144"]
[EventDate "2009.05.04"]
[EventCountry "ENG"]
[SourceDate "2008.10.04"]

1. e4 c5 2. Nf3 e6 3. d4 cxd4 4. Nxd4 Nc6 5. Nc3 a6 6. Be3 Qc7 7. Be2 Bb4 8.
O-O Bxc3 9. bxc3 Nf6 10. f3 Na5 11. Qd3 d5 12. Nb3 Nc4 13. Bf2 Ne5 14. Bg3 Qb6+
15. Qd4 Qxd4+ 16. cxd4 Nc4 17. exd5 exd5 18. Rfe1 O-O 19. Bxc4 dxc4 20. Nc5 b6
21. Ne4 Bd7 22. Nxf6+ gxf6 23. Rab1 b5 24. c3 Rfe8 25. a3 Bc6 26. Rbd1 Bd5 27.
Kf2 Kg7 28. Rxe8 Rxe8 29. Re1 Rxe1 30. Kxe1 Kg6 31. Ke2 Kg5 32. Ke3 Kf5 33. Bh4
h5 34. h3 Kg6 35. Kf4 Bc6 36. g4 hxg4 37. hxg4 Bd5 38. g5 fxg5+ 39. Bxg5 Bxf3
40. Bh4 Bb7 41. Bg3 Kf6 42. Bh4+ Ke6 43. Bg3 Bg2 44. Bf2 f5 45. Bg3 Be4 46. Be1
Kd6 47. Ke3 Kc6 48. Bd2 Kb6 49. Kf4 Ka5 50. Ke5 Ka4 51. d5 Bxd5 52. Kxd5 Kxa3
53. Kc5 Kb3 54. Be1 a5 55. Kxb5 a4 56. Bd2 f4 57. Bxf4 a3 58. Bc1 a2 59. Bb2
Kxb2 60. Kxc4 a1=Q 61. Kd4 Qd1+ 62. Ke5 Kxc3 63. Ke4 Qd6 64. Kf5 Kd4 65. Kg4
Qf6 66. Kg3 Qf5 67. Kg2 Qf4 68. Kh1 Qf3+ 69. Kg1 Ke3 70. Kh2 Qg4 71. Kh1 Kf2
72. Kh2 Qh4# 0-1

[Event "4NCL/Div3/NOTT1 vs. SCS"]
[Site "Daventry ENG"]
[Date "2009.05.04"]
[Round "11.1"]
[White "Richmond, Robert J"]
[Black "Baptie, Justin P"]
[Result "0-1"]
[WhiteElo "2211"]
[BlackElo "2101"]
[PlyCount "34"]
[EventDate "2009.05.04"]
[EventCountry "ENG"]
[SourceDate "2008.10.04"]

1. d4 Nf6 2. c4 c5 3. d5 e6 4. Nc3 exd5 5. cxd5 d6 6. e4 g6 7. f4 Bg7 8. Bb5+
Nbd7 9. e5 dxe5 10. fxe5 Nh5 11. Nf3 O-O 12. g4 Nxe5 13. gxh5 Nxf3+ 14. Qxf3
Qh4+ 15. Kd2 c4 16. Ne4 Bf5 17. Re1 Bh6+ 0-1

[Event "4NCL/Div3/NOTT1 vs. SCS"]
[Site "Daventry ENG"]
[Date "2009.05.04"]
[Round "11.2"]
[White "Gedvilas, Arunas"]
[Black "Levens, David"]
[Result "1-0"]
[WhiteElo "1950"]
[BlackElo "1998"]
[PlyCount "63"]
[EventDate "2009.05.04"]
[EventCountry "ENG"]
[SourceDate "2008.10.04"]

1. e4 c5 2. Nf3 d6 3. d4 cxd4 4. Nxd4 Nf6 5. Nc3 g6 6. Be2 Bg7 7. Be3 Nc6 8.
Qd2 O-O 9. f4 Bd7 10. O-O a6 11. f5 Rc8 12. fxg6 hxg6 13. Rad1 Ne5 14. Bh6 Qb6
15. Bxg7 Kxg7 16. Rxf6 exf6 17. Nd5 Qd8 18. Rf1 Be6 19. Nxf6 Qb6 20. c3 Bxa2
21. Qg5 Rh8 22. Kh1 Qd8 23. Qg3 Bc4 24. Bxc4 Nxc4 25. Nd5 Ne5 26. Nf5+ Kf8 27.
Nfe7 Rc4 28. Nxg6+ Nxg6 29. Qxg6 Qe8 30. Qxd6+ Kg7 31. Qf6+ Kh7 32. Rf5 1-0

[Event "4NCL/Div3/NOTT1 vs. SCS"]
[Site "Daventry ENG"]
[Date "2009.05.04"]
[Round "11.3"]
[White "Kingston, Ian"]
[Black "Fonseca, Antonio"]
[Result "1-0"]
[WhiteElo "2037"]
[BlackElo "1875"]
[PlyCount "105"]
[EventDate "2009.05.04"]
[EventCountry "ENG"]
[SourceDate "2008.10.04"]

1. d4 Nf6 2. c4 e6 3. Nc3 d6 4. Nf3 Nbd7 5. Bf4 Be7 6. e4 O-O 7. Bd3 c6 8. O-O
g6 9. Re1 Nh5 10. Bh6 Re8 11. Qd2 Nb6 12. h3 d5 13. c5 dxe4 14. Bxe4 Nd7 15.
Bc2 Ndf6 16. b4 a6 17. a4 Bd7 18. Bd3 Ng7 19. b5 axb5 20. axb5 cxb5 21. Bxb5
Bc6 22. Bxc6 bxc6 23. Ne5 Qc7 24. Bf4 Rxa1 25. Rxa1 Qc8 26. Qb2 Nf5 27. Na4 Rd8
28. Nb6 Qb7 29. Be3 Nxe3 30. fxe3 Rb8 31. Qa3 Qc7 32. Qa7 Rb7 33. Qa8+ Kg7 34.
Qc8 Ra7 35. Qxc7 Rxc7 36. Ra6 Nd5 37. Nbc4 Nb4 38. Rb6 Nd5 39. Rxc6 Rxc6 40.
Nxc6 Bh4 41. Kf1 Kf8 42. Ke2 f6 43. Nb6 Ke8 44. Nxd5 exd5 45. Nb4 Kd7 46. Nxd5
f5 47. Nb4 Bd8 48. Kd3 g5 49. d5 h5 50. Nc6 Bc7 51. Nd4 f4 52. Ne6 f3 53. gxf3
1-0

[Event "4NCL/Div3/NOTT1 vs. SCS"]
[Site "Daventry ENG"]
[Date "2009.05.04"]
[Round "11.4"]
[White "Lutton, J Arnold"]
[Black "Truman, Richard G"]
[Result "0-1"]
[WhiteElo "1847"]
[BlackElo "2027"]
[PlyCount "100"]
[EventDate "2009.05.04"]
[EventCountry "ENG"]
[SourceDate "2008.10.04"]

1. e4 e5 2. Nf3 Nc6 3. Bb5 a6 4. Ba4 Nf6 5. O-O Be7 6. Qe2 b5 7. Bb3 O-O 8. c3
d5 9. d3 Re8 10. Rd1 h6 11. a4 Be6 12. Nbd2 Bf8 13. Bc2 Nh5 14. Nf1 Nf4 15.
Bxf4 exf4 16. d4 b4 17. e5 g6 18. Qd2 g5 19. Qd3 Bg7 20. g3 Bg4 21. N1d2 a5 22.
h4 fxg3 23. fxg3 gxh4 24. Nxh4 Qg5 25. Qh7+ Kf8 26. Ng6+ fxg6 27. Rf1+ Bf5 28.
Bxf5 Qxg3+ 29. Kh1 gxf5 30. Rxf5+ Ke7 31. Rf3 Qh4+ 32. Kg1 Qg5+ 33. Kh1 Rh8 34.
Qd3 Qh5+ 35. Kg1 Rag8 36. Kf2 Rf8 37. Ke1 Rxf3 38. Qxf3 Qxf3 39. Nxf3 Rf8 40.
Ke2 Rf7 41. Nh4 bxc3 42. bxc3 Nxe5 43. dxe5 Bxe5 44. Kd3 Bg3 45. Ng2 Kd6 46.
Rh1 Rf3+ 47. Ne3 Bf4 48. Re1 Rxe3+ 49. Rxe3 Bxe3 50. Kxe3 c5 0-1

[Event "4NCL/Div3/NOTT1 vs. SCS"]
[Site "Daventry ENG"]
[Date "2009.05.04"]
[Round "11.5"]
[White "Thompson, Brian"]
[Black "Hardy-Wallace, Daniel"]
[Result "0-1"]
[WhiteElo "1953"]
[BlackElo "1820"]
[PlyCount "120"]
[EventDate "2009.05.04"]
[EventCountry "ENG"]
[SourceDate "2008.10.04"]

1. d4 d5 2. Nf3 Nf6 3. e3 e6 4. Bd3 c5 5. b3 Nc6 6. O-O Bd6 7. Bb2 Qc7 8. Nbd2
Bd7 9. c4 O-O 10. Rc1 b6 11. e4 dxe4 12. Nxe4 Nxe4 13. Bxe4 f5 14. dxc5 bxc5
15. Bxc6 Bxc6 16. Ng5 Rae8 17. f4 Bxf4 18. Nf3 Bxc1 19. Qxc1 e5 20. Qc3 Bxf3
21. Qxf3 e4 22. Qh3 f4 23. Rd1 Rf7 24. Rd5 e3 25. Kf1 e2+ 26. Ke1 Qa5+ 27. Qc3
Qxc3+ 28. Bxc3 f3 29. gxf3 Rxf3 30. Re5 Re3 31. Rxe8+ Rxe8 32. Bd2 Kf7 33. Bf4
Re6 34. Bb8 a6 35. Ba7 Re5 36. Bb8 Re6 37. Ba7 Rh6 38. Bb8 Rg6 39. Bg3 Ke6 40.
Kxe2 Rf6 41. a3 Kd7 42. b4 Kc6 43. Bb8 Rf7 44. Bg3 Rb7 45. Be1 Re7+ 46. Kf2 Re4
47. bxc5 Rxe1 48. Kxe1 Kxc5 49. Ke2 Kxc4 50. Ke3 Kb3 51. Ke4 Kxa3 52. Ke5 Kb4
53. Ke6 a5 54. Kf7 g5 55. Kg7 a4 56. Kxh7 a3 57. Kg6 a2 58. Kxg5 a1=Q 59. h4
Qg7+ 60. Kh5 Qg3 0-1

[Event "4NCL/Div3/NOTT1 vs. SCS"]
[Site "Daventry ENG"]
[Date "2009.05.04"]
[Round "11.6"]
[White "Ballard, Edward"]
[Black "Combie, Alexander"]
[Result "0-1"]
[WhiteElo "1375"]
[BlackElo "1944"]
[PlyCount "38"]
[EventDate "2009.05.04"]
[EventCountry "ENG"]
[SourceDate "2008.10.04"]

1. Nf3 d5 2. d4 e6 3. Bf4 c5 4. e3 Nc6 5. Bb5 Qb6 6. Bxc6+ bxc6 7. Qc1 Ba6 8.
b3 cxd4 9. exd4 c5 10. dxc5 Bxc5 11. Be3 d4 12. Bf4 d3 13. Be3 dxc2 14. Bxc5
Qxc5 15. Na3 Qc3+ 16. Nd2 Qe5+ 17. Ne4 Qxe4+ 18. Kd2 Qd3+ 19. Ke1 Qe2# 0-1

[Event "4NCL/Div3/LIT3 vs. FPONTY"]
[Site "Daventry ENG"]
[Date "2009.05.04"]
[Round "11.1"]
[White "Bingham, James T"]
[Black "Adams, Mark A"]
[Result "1-0"]
[WhiteElo "1945"]
[BlackElo "2034"]
[PlyCount "103"]
[EventDate "2009.05.04"]
[EventCountry "ENG"]
[SourceDate "2008.10.04"]

1. d4 Nf6 2. c4 e6 3. Nf3 Bb4+ 4. Bd2 Qe7 5. g3 O-O 6. Qc2 b6 7. Bg2 Bb7 8. Nc3
d6 9. O-O Bxc3 10. Bxc3 Nbd7 11. b4 Rac8 12. Rad1 Rfe8 13. Rfe1 c5 14. dxc5
dxc5 15. b5 e5 16. e4 Rcd8 17. a4 Nh5 18. a5 f6 19. Nh4 g6 20. Bf3 Ng7 21. Bg4
Nf8 22. Ng2 Rxd1 23. Rxd1 Rd8 24. Rxd8 Qxd8 25. a6 Bc8 26. Bxc8 Qxc8 27. Qd3
Qd7 28. Qd5+ Qxd5 29. exd5 Ne8 30. f4 exf4 31. gxf4 Kf7 32. Ne3 Nd6 33. Kf1 Nd7
34. Ke2 h6 35. Kd3 h5 36. Be1 Nf5 37. Nc2 Nd6 38. Bf2 g5 39. Be3 g4 40. Bf2 Nf5
41. Ne3 Nxe3 42. Kxe3 Nf8 43. f5 Nd7 44. Bg3 h4 45. Bc7 Ne5 46. Bb8 g3 47. hxg3
h3 48. Kf2 Nxc4 49. Bxa7 Ne3 50. Kg1 c4 51. Bxb6 Nxd5 52. Ba5 1-0

[Event "4NCL/Div3/LIT3 vs. FPONTY"]
[Site "Daventry ENG"]
[Date "2009.05.04"]
[Round "11.2"]
[White "Perrett, David"]
[Black "Watkinson, Phil K"]
[Result "1/2-1/2"]
[WhiteElo "1960"]
[BlackElo "1950"]
[PlyCount "79"]
[EventDate "2009.05.04"]
[EventCountry "ENG"]
[SourceDate "2008.10.04"]

1. d4 d5 2. Bg5 c5 3. c3 Qb6 4. Qb3 c4 5. Qxb6 axb6 6. Nd2 Bf5 7. e4 Bxe4 8.
Nxe4 dxe4 9. Bxc4 e6 10. Ne2 Ra5 11. Bf4 Nd7 12. Ng3 Ngf6 13. O-O b5 14. Bb3 b4
15. Bc2 bxc3 16. bxc3 Be7 17. Nxe4 O-O 18. Nxf6+ Bxf6 19. Bd6 Rc8 20. Bb4 Ra7
21. Bd3 Nb8 22. Bc5 Ra4 23. Bb5 Ra5 24. a4 Nc6 25. Rab1 g6 26. Rfd1 Ne7 27. c4
Raa8 28. Bb6 Nc6 29. Rbc1 Bd8 30. Bc5 Na5 31. Bb4 Bf6 32. d5 exd5 33. cxd5 Nb3
34. Rxc8+ Rxc8 35. g3 Nd4 36. Bd3 Rd8 37. Be4 b6 38. Kf1 Ra8 39. Bc3 Rxa4 40.
Bxd4 1/2-1/2